Movies Quiz

Random Movies or Role Quiz

Who Played Me in a Live-Action Film? Quiz Stats

 Plays Quiz Updated Jul 17, 2019

Score 0/15 Timer 05:00
0 Plays Today
Question Answer Wrong Answers
The Genie (Aladdin) Will Smith
95.8%
Jamie Foxx
1.3%
Dwayne Johnson
1.8%
The Grinch Jim Carrey
94.3%
Mike Myers
3.8%
Nathan Lane
0.8%
Maleficent (Sleeping Beauty) Angelina Jolie
93.6%
Natalie Portman
2.8%
Annette Bening
2.7%
Belle (Beauty & the Beast) Emma Watson
92%
Anna Kendrick
5.3%
Jennifer Lawrence
1.6%
Inspector Gadget Matthew Broderick
89.7%
Matthew Perry
3.9%
Michael J. Fox
5.3%
Fred Flintstone (The Flintstones) John Goodman
89.4%
Jeff Garlin
7.9%
Tim Allen
1.7%
Popeye Robin Williams
82.2%
Gene Wilder
9.2%
Bill Murray
7.5%
Mad Hatter (Alice in Wonderland) Johnny Depp
81.6%
Danny DeVito
13.4%
Jack Nicholson
4%
Cruella De Vil (101 Dalmatians) Glenn Close
81.3%
Meryl Streep
15.5%
Sharon Stone
2.2%
Daphne (Scooby-Doo, Where Are You?) Sarah Michelle Gellar
78.8%
Alicia Silverstone
8.8%
Alyson Hannigan
11.3%
Christopher Robin (Winnie the Pooh) Ewan McGregor
65.1%
Daniel Radcliffe
8.4%
Andrew Garfield
25.4%
Cinderella Lily James
64.2%
Amanda Seyfried
19.5%
Blake Lively
15.2%
Fat Albert Kenan Thompson
63.8%
LeVar Burton
6.1%
Martin Lawrence
28.9%
Mr. Magoo Leslie Nielsen
61.4%
Patrick Stewart
20.8%
Michael Caine
16.5%
April O’Neil (Teenage Mutant Ninja Turtles) Megan Fox
51.9%
Jessica Alba
17.6%
Emma Stone
29.3%

You're not logged in!

Compare scores with friends on all Sporcle quizzes.
OR
Log In

Sporcle TV

Today on Sporcle TV


Watch our educational content, quiz creation guides, and fun videos on Sporcle TV.

Show Comments

Extras

Top Quizzes Today


Score Distribution

Your Account Isn't Verified!

In order to create a playlist on Sporcle, you need to verify the email address you used during registration. Go to your Sporcle Settings to finish the process.

Report this User

Report this user for behavior that violates our Community Guidelines.

Details: